000 00604nam a2200217Ia 4500
001 44259
008 140428s9999 xx 000 0 und d
020 _aNA
040 _cPK-LaUMT
082 _aRHC 891.4393
_bGUL-
100 _aHafeez Siddiqi
245 _aGulbang-e-jehaad (Urdu)
_cHafeez Siddiqi<>Hafeez ur Rahman Ahsan<>Qamar Siddiqi<>Tahir Shadmani
260 _aLahore,Pakistan:
_bAenah-e-Adab,
_c1965
300 _a216 p.
546 _aUR
650 _aPakistani literature-Urdu
700 _aHafeez ur Rahman Ahsan
700 _aQamar Siddiqi
700 _aTahir Shadmani
942 _cBK
999 _c42252
_d42252